| 000 | 01096cam a2200229 4500 | ||
|---|---|---|---|
| 001 | WB4004-10 | ||
| 008 | 040129n2004 000 0 eng u | ||
| 035 | _a(Sirsi) u124948 | ||
| 245 | _aWest End office rates set for big increase | ||
| 260 | _c2004 | ||
| 490 |
_aCBRE Press Release _v5 January 2004, (1) |
||
| 520 | _aCB Richard Ellis' latest research on Government plans for a non-domestic rating revaluation in 2005, forecasts that the UK's office and retail warehouse sectors will face some of the largest rate rises with London office rates set to increase by twice the national average in April 2005. View the report at http://www.cbre.com/NR/rdonlyres/efnw5wmtkoskncqt7 rqfoo6dq2kaqxrpc3wbwxojxv5wev6mvpihkpyvq3wg7fvbkqw tezs2pynygj/RatingRevaluationFinalVersionJan2004.p df http://www.cbre.com/International/Sites/UK/Press+C entre/default.htm | ||
| 590 | _aWB | ||
| 590 | _aWB | ||
| 650 | _aWEST END OF LONDON | ||
| 650 | _aLONDON | ||
| 650 | _aRATES | ||
| 650 | _aOFFICE SECTOR | ||
| 650 | _aRETAIL WAREHOUSE SECTOR | ||
| 690 | _aRATING AND LOCAL TAXATION | ||
| 942 | _n0 | ||
| 999 |
_c116971 _d116971 |
||